Microprocessors Principles & Applications / (Record no. 190631)
[ view plain ]
| 000 -LEADER | |
|---|---|
| fixed length control field | 01222 a2200181 4500 |
| 003 - CONTROL NUMBER IDENTIFIER | |
| control field | Nust |
| 005 - DATE AND TIME OF LATEST TRANSACTION | |
| control field | 20221209142916.0 |
| 020 ## - INTERNATIONAL STANDARD BOOK NUMBER | |
| International Standard Book Number | 0071003932 |
| 040 ## - CATALOGING SOURCE | |
| Transcribing agency | Nust |
| 082 ## - DEWEY DECIMAL CLASSIFICATION NUMBER | |
| Classification number | 621.382,GIL |
| 100 ## - MAIN ENTRY--PERSONAL NAME | |
| Personal name | Gilmore,Charles M |
| 9 (RLIN) | 19157 |
| 245 ## - TITLE STATEMENT | |
| Title | Microprocessors Principles & Applications / |
| Statement of responsibility, etc. | Charles M Gilmore, |
| 260 ## - PUBLICATION, DISTRIBUTION, ETC. | |
| Place of publication, distribution, etc. | Delhi |
| Name of publisher, distributor, etc. | McGraw-Hill |
| Date of publication, distribution, etc. | 1989 |
| 300 ## - PHYSICAL DESCRIPTION | |
| Extent | xvii , 508p |
| 505 ## - FORMATTED CONTENTS NOTE | |
| Formatted contents note | What is the Microprocessor (Page-1), The Decimal and Binary Number Systems (Page-16), Processor Arithmetic (Page-28), Basic Microprocessor Architectural Concepts (Page-49), Inside the Microprocessor (Page-71), An Introduction to Microprocessor Instructions (Page-102), Communicating with the Microprocessor (Page-127), Two 8-Bit Microprocessors: the Z80 and 6802 (Page-140), A Single Chip 8-Bit Microprocessor (Page-187), Sixteen BIT Microprocessors The 8088 and the 68000 (Page-224), Memory (Page-283), Mass Storage (Page-311), Microprocessor I/O (Page-340), An Introduction to Programming (Page-382), Operating Systems and System Software (Page-411), Servicing Microprocessor Based Products (Page-440), Developing Microprocessor-Based Products (Page-463). |
| 650 ## - SUBJECT ADDED ENTRY--TOPICAL TERM | |
| Topical term or geographic name entry element | Telecommunications engineering. |
| 9 (RLIN) | 58485 |
| 942 ## - ADDED ENTRY ELEMENTS (KOHA) | |
| Source of classification or shelving scheme | |
| Koha item type | Book |
| Withdrawn status | Lost status | Source of classification or shelving scheme | Damaged status | Not for loan | Permanent Location | Current Location | Shelving location | Date acquired | Full call number | Barcode | Date last seen | Price effective from | Koha item type | Public note |
|---|---|---|---|---|---|---|---|---|---|---|---|---|---|---|
| Military College of Signals (MCS) | Military College of Signals (MCS) | General Stacks | 12/12/2016 | 621.382,GIL | MCS34613 | 12/08/2016 | 12/12/2016 | Book | Almirah No.35, Shelf No.3 |
